| 000 | 00922nam a2200241 a 4500 | ||
|---|---|---|---|
| 005 | 20171127110550.0 | ||
| 008 | 171127b1989 xxuabdo| |||| 00| 0 spa d | ||
| 040 |
_cCO-BoIH _aCO-BoIAVH |
||
| 041 | 0 | _aspa | |
| 044 | _ack | ||
| 090 |
_aIAVH _b00059 |
||
| 100 |
_aGómez Bernal , Luis Germán _eautor |
||
| 245 | 1 | 0 | _aPrograma para la recuperación y protección del cóndor andino en Colombia |
| 260 |
_aBogotá : _bInstituto Alexander von Humboldt : _bConservación Internacional : _bFundación Biocolombia ; _c1997. |
||
| 300 |
_a630 páginas. _bIlustraciones,mapas, gráficos y fotografías. _c28 x 23 cm. |
||
| 505 | _aDocumentos de trabajo realizados desde 1988 hasta 1990 | ||
| 505 | _aDocumentos de trabajo desde 1991 hasta 1996 | ||
| 650 | 2 | 6 |
_aCóndor _zColombia. |
| 650 | 2 | 6 | _aCóndor de los Andes |
| 650 | 2 | 6 | _aPrograma Condor andino |
| 942 |
_cINFORME _2z |
||
| 945 | _d2004-02-13 | ||
| 999 |
_c3713 _d3713 |
||